000
00257nam a2200109Ia 4500
008
200302s9999 xx 000 0 und d
100
_a
Author
245
_a
The Decision to Build
260
_b
Her Majesty s Stationery Office
260
_c
1970
300
_a
20 P.,
999
_c
511
_d
511